000 00791caa a2200205 4500
999 _c458391
_d458391
001 5148485
003 UA-OsUOA
005 20200302170451.0
008 200302b un ||||| |||| 00| 0 ukr d
040 _aUA-OsUOA
_bukr
_cUA-OsUOA
_dUA-OsUOA
041 _aukr
080 _a908
090 _a908
100 _aЛеськів І.
245 _aСтановище Православної Церкви в Україні у XV – на початку XVII ст. та роль династії князів Острозьких у її розбудові
_cІ. Леськів
300 _aС. 66–70
650 _2UDC
773 0 _0399317
_9416565
_dОстрог НаУОА 2013
_o148880
_tОстрозький краєзнавчий збірник
_w(UA-OsUOA) 113460
942 _2udc
_cBKA